Quickly Click 'Fee-Fi-Fo-Fum' Quiz Stats

 Plays Quiz Updated Feb 2, 2018

Support Sporcle.
Go Orange.
Score 0/100 Timer 01:00
14 Plays Today
% Correct
???
43%
???
42.9%
???
42.8%
???
42.8%
???
42.7%
???
42.7%
???
42.7%
???
42.6%
???
42.6%
???
42.6%
???
42.6%
???
42.5%
???
42.5%
???
42.4%
???
42.4%
???
42.3%
???
42.3%
???
42.3%
???
42.2%
???
42.2%
???
42.2%
???
42.1%
???
42.1%
???
42.1%
???
42%
???
42%
???
41.9%
???
41.9%
???
41.9%
???
41.9%
???
41.9%
???
41.8%
???
41.8%
???
41.8%
% Correct
???
41.8%
???
41.7%
???
41.7%
???
41.7%
???
41.6%
???
41.6%
???
41.6%
???
41.5%
???
41.5%
???
41.5%
???
41.5%
???
41.5%
???
41.4%
???
41.4%
???
41.3%
???
41.3%
???
41.3%
???
41.3%
???
41.3%
???
41.3%
???
41.2%
???
41.2%
???
41.1%
???
41%
???
41%
???
41%
???
40.9%
???
40.9%
???
40.8%
???
40.8%
???
40.8%
???
40.8%
???
40.7%
???
40.7%
% Correct
???
40.7%
???
40.7%
???
40.6%
???
40.6%
???
40.6%
???
40.6%
???
40.6%
???
40.6%
???
40.6%
???
40.5%
???
40.5%
???
40.5%
???
40.5%
???
40.5%
???
40.5%
???
40.4%
???
40.4%
???
40.4%
???
40.4%
???
40.4%
???
40.3%
???
40.3%
???
40.3%
???
40.3%
???
40.3%
???
40.2%
???
40.1%
???
40%
???
40%
???
39.9%
???
39.9%
???
39.9%

From the Vault

Best Albums of All Time (Different Sources)

by cgrapes429

Music 7m
It turns out definitive lists aren't all that definitive.
Remove Ads.
Support Sporcle.
Get the best of Sporcle when you Go Orange. This ad-free experience offers more features, more stats, and more fun while also helping to support Sporcle. Thank you for becoming a member.

Show Comments

Extras

Top Quizzes Today


Score Distribution

Your Account Isn't Verified!

In order to create a playlist on Sporcle, you need to verify the email address you used during registration. Go to your Sporcle Settings to finish the process.

Report this User

Report this user for behavior that violates our Community Guidelines.

Details: